000 00701nam a2200205Ii 4500
003 JO-AjNU
008 230606s9999||||xx |||||||||||||| ||und||
020 _a978-0-670-02170-0
040 _aJO-AjNU
_beng
_erda
_cJO-AjNU
041 _aeng
050 1 4 _aDS154.6.A32 2011
100 3 _aAbdullah11, King of jordan 1962,
_eauthor
_91463
245 0 0 _aOur Last Best Chance: The Pursuit of Peace in a Time of Peril
264 3 1 _aNew york: viking, 2011
300 _a346p
336 _atext
_btxt
_2rdacontent
337 _aunmediated
_bn
_2rdamedia
338 _avolume
_bnc
_2rdacarrier
650 4 _aAbdullah11.King of jordan 1962-jordan-Kings and rulers-biography، jordan-politics and government
_91464
999 _aE771
_c771
_d771